Le fantasme du corps étranger (notice n° 1626563)
[ vue normale ]
| 000 -LEADER | |
|---|---|
| fixed length control field | 01242cam a2200193 4500500 |
| 005 - DATE AND TIME OF LATEST TRANSACTION | |
| control field | 20260111093510.0 |
| 041 ## - LANGUAGE CODE | |
| Language code of text/sound track or separate title | fre |
| 042 ## - AUTHENTICATION CODE | |
| Authentication code | dc |
| 100 10 - MAIN ENTRY--PERSONAL NAME | |
| Personal name | Balibar, Étienne |
| Relator term | author |
| 245 00 - TITLE STATEMENT | |
| Title | Le fantasme du corps étranger |
| 260 ## - PUBLICATION, DISTRIBUTION, ETC. | |
| Date of publication, distribution, etc. | 2018.<br/> |
| 500 ## - GENERAL NOTE | |
| General note | 78 |
| 520 ## - SUMMARY, ETC. | |
| Summary, etc. | Dans les années 1970, nous sommes passés d’une immigration de travail à une immigration de peuplement, ce qui a entraîné des difficultés d’intégration et une nouvelle forme, culturelle, de racisme. Aujourd’hui, les migrants qui arrivent ne font souvent que transiter, le racisme s’est fixé sur une religion et les politiques migratoires sont de plus en plus dures. |
| 520 ## - SUMMARY, ETC. | |
| Summary, etc. | In the 1970’s, we have moved from labor immigration to settlement immigration, which has led to difficulties of integration and a new form of racism, cultural. Nowadays, the migrants coming are often only in transit, racism fixed itself on a religion and migration policies are harder and harder. |
| 700 10 - ADDED ENTRY--PERSONAL NAME | |
| Personal name | Brugère, Fabienne |
| Relator term | author |
| 700 10 - ADDED ENTRY--PERSONAL NAME | |
| Personal name | Le Blanc, Guillaume |
| Relator term | author |
| 786 0# - DATA SOURCE ENTRY | |
| Note | Esprit | Juillet-Août | 7 | 2018-08-31 | p. 173-182 | 0014-0759 |
| 856 41 - ELECTRONIC LOCATION AND ACCESS | |
| Uniform Resource Identifier | <a href="https://shs.cairn.info/revue-esprit-2018-7-page-173?lang=fr&redirect-ssocas=7080">https://shs.cairn.info/revue-esprit-2018-7-page-173?lang=fr&redirect-ssocas=7080</a> |
Pas d'exemplaire disponible.




Réseaux sociaux